[Event "Fagernes GM Swiss 2020"]
[Site "Fagernes"]
[Date "2020.10.08"]
[Round "6.19"]
[White "Melaa, Sondre"]
[Black "Holleland, Sigve"]
[Result "0-1"]
[WhiteElo "2210"]
[BlackElo "2133"]
[Annotator "TA"]
[PlyCount "154"]
[EventDate "2020.10.04"]
[EventType "swiss"]
[EventCountry "NOR"]
[SourceTitle "playchess.com"]
[Source "ChessBase"]
[SourceQuality "1"]

{[%evp 18,154,3,0,0,0,0,-37,0,0,0,-19,0,0,0,0,66,75,119,55,75,56,50,45,72,75,65,65,77,55,96,68,67,58,60,22,45,12,22,0,0,0,0,0,16,0,0,0,0,0,0,0,0,0,0,0,0,0,0,4,27,26,31,42,41,40,35,37,39,25,49,58,65,8,8,8,18,14,70,58,72,56,66,26,18,26,58,59,81,0,0,-8,-8,-8,-8,-54,-24,-124,-124,-121,-116,-114,-35,-119,-69,-69,-69,-70,-70,-115,-120,-328,-324,-358,-344,-443,-415,-462,-383,-650,-650,-1200,-1130,-1238,-1160,-1841,-1710,-5047,-8126,-6637,-4934,-4930,-4926,-29982,-29983,-29995,-29977,-29996,-29997]} 1. e4 c5 2. Nf3 d6 3. d4 cxd4 4. Nxd4 Nf6 5. Nc3 Nc6 6. f3 e5 7. Nb3 Be7 8. Be3 Be6 9. Nd5 O-O $1 {[%mdl 4] is now more promising than 9...Bxd5.} 10. Qd2 a5 {[%cal Ba7a5,Ba5a4][%mdl 32] B56: Classical Sicilian: Unusual Lines.} 11. Bb6 Qb8 12. Bb5 a4 {[#] Threatens to win with ...Bxd5.Black is slightly better.} (12... Bxd5 $5 13. exd5 a4 $15) 13. Bxc6 bxc6 14. Nxe7+ Kh8 15. Be3 axb3 16. cxb3 {[#]} Qb5 $146 ({Black should try} 16... d5 $11) ({Predecessor:} 16... d5 17. O-O Qc7 18. Nf5 d4 19. Bf2 Bxf5 20. exf5 Nd5 21. Rfc1 f6 22. b4 Qd7 {½-½ (36) Groffen,J (2191)-Torgersen,T (2209) ICCF email 2018}) 17. Qxd6 $14 Bxb3 18. Qc5 (18. Nxc6 $16 Rfc8 19. Nb4 (19. Nxe5 Rc2 $14 {[%mdl 64] Double Attack})) 18... Bxa2 19. Qxb5 cxb5 20. Kf2 Bc4 21. Nc6 Nd7 22. Rhd1 {aiming for Rxa8.} Be6 23. b4 Rfc8 24. Rxa8 (24. Na7 {seems wilder.} Rc2+ 25. Kg1 h6 26. Nxb5 Rxa1 27. Rxa1 Rb2 28. Nc7) 24... Rxa8 25. Na7 Rb8 26. Bc5 h6 27. Nc6 Ra8 28. Bd6 Ra2+ 29. Kg1 f6 30. Bc7 Rc2 31. Rd6 Nf8 {...Bd7 is the strong threat.} 32. Bb6 Kh7 33. Bc5 Bc4 34. Na5 Be2 35. Be3 Ng6 36. Rd2 Rc1+ 37. Kf2 Bc4 38. g3 Nf8 39. Rb2 Rc3 40. Bd2 Rd3 41. Nxc4 bxc4 {[%mdl 4096] Endgame KRB-KRN} 42. Rc2 Ne6 $1 {[%cal Re6d4] Strongly threatening ...Nd4.} 43. Be3 Rb3 44. Rxc4 Rb2+ 45. Ke1 (45. Kf1 $1 $14) 45... Rxh2 $11 46. f4 exf4 47. gxf4 Rb2 (47... h5 $11) 48. f5 $14 Ng5 49. Kd1 Nf3 50. Bf4 (50. Bc1 $5 {[%cal Rc1b2]} Ne5 51. Rd4 $14 (51. Bxb2 Nxc4 52. Bc1 Kg8 $14)) 50... h5 51. Kc1 Ra2 52. b5 {And now b6 would win.} Ra7 53. Kc2 ({White should play} 53. b6 $16 Rb7 54. Bc7) 53... Rb7 $11 54. Rc3 Nd4+ 55. Kd2 Rxb5 56. Rh3 (56. Ke3 $5 {[%cal Re3d4]} Rb4 57. Bd6 $11) 56... g6 57. fxg6+ (57. Rd3 $11 {keeps the balance.} g5 58. Bxg5) 57... Kxg6 $17 58. Rg3+ Kf7 59. Ra3 Rb1 (59... Ne6 $17 60. Ke3 Kg6) 60. Rh3 (60. Ra7+ $15 Kg6 61. Ra6) 60... Rb2+ (60... Ne6 {looks sharper.} 61. Bd6 Kg6 62. e5 f5 63. Rg3+ Kh7) 61. Kd1 Ne6 62. Bc1 Rb5 63. Ke2 Kg6 64. Rg3+ $2 {[#] This costs White the game.} (64. Rh4 $17 {was necessary.}) 64... Ng5 $1 $19 65. Bf4 Rb2+ 66. Kd1 Rb4 67. Bd2 Rxe4 68. Ra3 $2 (68. Rg1) 68... Kf5 69. Be3 Kg4 70. Ke2 f5 71. Kf1 f4 72. Bf2 h4 73. Ra8 Rb4 74. Rh8 h3 75. Rh4+ Kf3 {Black mates.} 76. Rh5 Rb1+ 77. Be1 Ne4 {Accuracy: White = 55%, Black = 81%.} 0-1

[Event "Fagernes GM Swiss 2020"]
[Site "Fagernes"]
[Date "2020.10.08"]
[Round "6.20"]
[White "Royset, Pal"]
[Black "Bentsen, Hakon"]
[Result "1/2-1/2"]
[WhiteElo "2150"]
[BlackElo "2120"]
[Annotator "TA"]
[PlyCount "147"]
[EventDate "2020.10.04"]
[EventType "swiss"]
[EventCountry "NOR"]
[SourceTitle "playchess.com"]
[Source "ChessBase"]
[SourceQuality "1"]

{[%evp 13,147,-1,7,-24,20,25,22,18,7,25,23,16,9,0,71,69,77,-29,29,32,29,27,56,45,45,43,49,-26,-28,-85,37,45,27,46,53,53,53,45,53,20,53,53,77,77,77,77,99,92,92,95,160,167,156,140,133,70,67,74,78,83,85,57,147,0,36,0,137,147,232,222,227,225,312,300,258,254,303,247,233,220,213,77,77,77,77,66,58,58,66,66,73,0,13,0,8,8,77,26,102,110,474,444,320,110,219,110,110,17,110,0,0,0,0,0,0,0,0,-5,0,0,0,-3,0,-3,-3,-69,-7,-8,-6,-6,-6,-27,0,0,0,-22]} 1. e4 e5 2. Nc3 Nf6 3. g3 Nc6 4. Bg2 Bc5 5. d3 d6 6. Nf3 h6 7. O-O O-O 8. Nh4 {[#] C26: Vienna Game: 2...Nf6, sidelines .} Ne7 $146 ({Predecessor:} 8... Nd4 9. Nd5 c6 10. Nxf6+ Qxf6 11. Qg4 Bxg4 12. c3 Ne2+ 13. Kh1 Nxc1 14. Raxc1 g5 15. Nf5 Bxf5 16. exf5 Qxf5 {0-1 (26) Phadungmartvorakul,T-Le,A Chiangmai 2013}) 9. Na4 Bb6 10. Nxb6 axb6 11. f4 Ng6 12. fxe5 dxe5 13. Nf5 Kh7 (13... Bxf5 $11 14. exf5 Ne7) 14. Be3 $16 Be6 15. g4 (15. Qf3 $16) 15... Nh4 (15... Nf4 $142) 16. Bh3 ({Much weaker is} 16. Nxh4 Nxg4 17. Bd2 Qxh4 $17) 16... Nxf5 17. gxf5 Bd7 18. Qe1 g5 19. fxg6+ fxg6 20. Bxd7 (20. Qh4 $1 $14 Ng4 21. Qxd8 Raxd8 22. Bd2) 20... Qxd7 $11 21. Qh4 (21. Kg2 $11) 21... Qg4+ (21... g5 $17 22. Qg3 Rae8) 22. Qxg4 $14 Nxg4 23. Bd2 Nf6 24. Bb4 c5 25. Bc3 Nd7 26. a4 Kg7 27. b3 Rxf1+ 28. Kxf1 {[%mdl 4096] Endgame KRB-KRN} Kf6 29. Ke2 Ke6 30. Rg1 Rg8 31. Bd2 g5 {[#]} (31... Kf7 $142) 32. h4 $1 $16 {[%mdl 512]} Kf6 (32... gxh4 33. Rxg8) 33. Rf1+ Ke6 34. Rf5 (34. hxg5 $16 hxg5 35. Rg1) 34... gxh4 $14 35. Rh5 Rg2+ 36. Kd1 $1 {[%mdl 1024] White has strong compensation.} Rg1+ 37. Be1 Rg6 (37... Kf6 $14) 38. Bc3 ({But not} 38. Rxh4 $6 Nf6 $14) (38. Bxh4 $16 Kf7 39. Be1) 38... Kf6 39. Be1 ({White should try} 39. Rxh4 $14 Rg1+ 40. Be1) 39... Ke6 $1 $16 40. Bxh4 Nf6 (40... Kd6 $16 {was called for.} 41. Kd2 Ke6) 41. Bxf6 $1 $18 Rxf6 {KR-KR} 42. Kd2 Kd6 43. Kc3 Re6 44. Kc4 Kc6 45. c3 Kd6 46. Rh4 Rg6 47. d4 (47. Rh3 $18 {and White stays clearly on top.}) 47... exd4 48. cxd4 cxd4 49. Kxd4 Ke7 50. Rh5 Rd6+ 51. Kc4 Rc6+ 52. Kb4 (52. Kd3 $1 $16) 52... Re6 53. Kb5 Kd7 54. e5 Kc7 {[#]} (54... Rc6 $11) 55. Rf5 (55. Kc4 $1 $16) 55... Re7 (55... Rc6 $11 {keeps the balance.}) 56. Kc4 $16 Rh7 $2 {[%mdl 8192] [#]} (56... Kd8 $16 {is tougher.}) 57. Kd5 $1 $18 Kd7 58. Rh5 $2 (58. Rf8 $18 {has better winning chances. Strongly threatening e6+.} Rg7 59. Rh8) 58... Rh8 (58... Ke7 $16 {was worth a try.}) 59. e6+ (59. Rh1 $18) 59... Ke7 $16 60. Ke5 (60. b4 $16) 60... Rh7 (60... b5 $1 $11 {remains equal.}) 61. Kf5 (61. b4 $16) 61... Rh8 $11 62. Rh4 Rf8+ 63. Ke4 Rf6 64. Kd5 Rxe6 65. Rh5 Rc6 {( -> ...Rc5+)} 66. Kd4 Kd7 67. Kd3 Ke7 68. Ke4 Kf7 69. Rb5 ({Better is} 69. Kf4 $11) 69... Kg6 ({Black should play} 69... Rf6 $1 $15) 70. Kf4 Rf6+ 71. Kg4 Rd6 72. Kh4 Rd4+ 73. Kg3 Rd6 74. Kh4 {Accuracy: White = 66%, Black = 59%.} 1/2-1/2

[Event "Fagernes GM Swiss 2020"]
[Site "Fagernes"]
[Date "2020.10.08"]
[Round "6.21"]
[White "Skaslien, Ingrid"]
[Black "Grover, Sigurd Loe"]
[Result "1-0"]
[WhiteElo "1976"]
[BlackElo "2145"]
[Annotator "TA"]
[PlyCount "57"]
[EventDate "2020.10.04"]
[EventType "swiss"]
[EventCountry "NOR"]
[SourceTitle "playchess.com"]
[Source "ChessBase"]
[SourceQuality "1"]

{[%evp 19,57,39,40,40,35,31,53,40,42,15,48,46,34,32,77,76,162,97,98,95,93,88,88,97,94,96,116,116,116,107,114,113,456,479,464,474,586,569,595,576]} 1. d4 d5 2. c4 e6 3. Nc3 c5 4. e3 Nf6 5. Nf3 a6 6. cxd5 exd5 7. Bd3 Nc6 8. O-O Bd6 9. h3 O-O 10. dxc5 Bxc5 11. b3 {E56: Nimzo-Indian: Rubinstein: Main Line: 7...Nc6.} Re8 12. Bb2 Ba7 13. Ne2 {White is slightly better.} Ne4 {[#]} 14. Bb1 $146 ({Predecessor:} 14. Rc1 Bf5 15. Bb1 Qd7 16. Nf4 Rad8 17. Nd4 Bg6 18. Nxg6 hxg6 19. Nxc6 bxc6 20. Bxe4 Rxe4 {½-½ (54) Lenic,L (2640)-Sasikiran,K (2707) Istanbul 2012}) 14... Bb8 15. Nf4 Bxf4 16. exf4 Qd6 17. Ne5 {Threatens to win with Bxe4.} Qc5 {[#]} (17... Rd8 $16 {keeps fighting.}) 18. Bxe4 (18. Nxf7 $1 $18 {[%mdl 512]} Bf5 (18... Kxf7 19. Qh5+) 19. Bxe4 Bxe4 20. Rc1) 18... dxe4 $16 19. Rc1 Qe7 20. Nxc6 $40 {[%mdl 128] White attacks with force.} bxc6 21. Qd4 {[%csl Gb2][%cal Rd4g7]} f6 22. Rxc6 Rd8 23. Qc4+ Qf7 24. Qxf7+ Kxf7 25. Rc7+ Bd7 $2 {[%mdl 8192] A mistake that costs the game.} (25... Rd7 $16 {is tougher.} 26. Rfc1 Rxc7 27. Rxc7+ Kg8) 26. Rd1 $18 {White is clearly winning.} Ke8 27. Ba3 a5 28. Rd4 f5 29. Rd5 {Accuracy: White = 82%, Black = 45%.} 1-0

[Event "Fagernes GM Swiss 2020"]
[Site "Fagernes"]
[Date "2020.10.08"]
[Round "6.22"]
[White "Mansoor, Afras"]
[Black "Bjerke, Richard"]
[Result "1-0"]
[WhiteElo "2117"]
[BlackElo "2144"]
[Annotator "TA"]
[PlyCount "80"]
[EventDate "2020.10.04"]
[EventType "swiss"]
[EventCountry "NOR"]
[SourceTitle "playchess.com"]
[Source "ChessBase"]
[SourceQuality "1"]

{[%evp 10,80,22,16,16,10,17,-28,-12,-14,2,-26,9,-12,3,-7,0,-12,0,-10,0,0,0,0,36,8,78,55,135,60,70,70,114,54,94,108,107,31,57,53,185,158,175,176,270,148,319,307,508,532,953,790,940,929,1320,1329,1220,1056,1072,560,560,552,736,712,742,710,29974,29975,29980,29975,29970,29970,29996]} 1. c4 e6 2. g3 d5 3. Bg2 Nf6 4. Nf3 d4 5. O-O c5 6. e3 Nc6 {A13: English Opening: 1...e6.} 7. exd4 cxd4 8. Re1 Bd6 {Black has an edge.} 9. d3 O-O {9...0-0 scores better than 9...h6.} 10. Na3 Re8 11. Rb1 e5 12. Nc2 a5 13. a3 a4 14. Bg5 {[#]} Bf5 $146 ({Predecessor:} 14... Bg4 15. h3 Bf5 16. Nh4 Bd7 17. b4 axb3 18. Rxb3 Na5 19. Rb1 h6 20. Bxf6 Qxf6 {½-½ (52) Montgomery,R (2208)-Spasov,S (2412) ICCF email 2005}) 15. b4 axb3 16. Rxb3 Rb8 (16... Na5 $5 {[%cal Ra5b3]} 17. Rb1 h6 18. Bxf6 Qxf6 $11) 17. Rb5 Be6 (17... h6 $11 {keeps the balance.} 18. Bxf6 Qxf6) 18. Nd2 $16 Rf8 ({Black should try} 18... h6 $14 19. Bxf6 Qxf6) 19. Qb1 (19. Ne4 $16) 19... Qd7 20. Bxf6 gxf6 21. Qd1 (21. Ne4 $16 Be7 22. Qc1) 21... Bg4 22. Qc1 f5 23. Nb3 (23. c5 $16 Bc7 24. Nb4) 23... f6 24. Rd5 $36 {[%mdl 2048] And now c5 would win. White has some pressure.} b6 {[#]} (24... Qc7 $14) 25. Qh6 $1 $18 {aiming for h3.} f4 26. gxf4 Be6 {[#]} (26... Rbd8 {was called for.} 27. fxe5 Nxe5) 27. fxe5 $1 {[%mdl 512]} fxe5 $2 {Loses the game.} (27... Nxe5 $16 28. Rxd4 Kh8) 28. c5 Qf7 $2 (28... Bxd5 29. Bxd5+ Kh8) 29. Rxd6 {[%mdl 64] Double Attack, Discovered Attack} Qxf2+ 30. Kh1 Bxb3 31. Bxc6 Kh8 32. Rd7 {[%csl Gd7][%cal Rh6h7]} Rf7 33. Rxf7 Qxf7 34. Nb4 {Qd6 is the strong threat.} bxc5 35. Qd6 {[%mdl 64] Double Attack} Rg8 36. Qxe5+ Rg7 37. Na6 Qf2 38. Nxc5 {White mates.} Bf7 39. Ne6 Bxe6 40. Qxe6 h5 {Accuracy: White = 64%, Black = 36%.} 1-0

[Event "Fagernes GM Swiss 2020"]
[Site "Fagernes"]
[Date "2020.10.08"]
[Round "6.23"]
[White "Kvendseth, Thyra"]
[Black "Machlik, Monika"]
[Result "1-0"]
[WhiteElo "2017"]
[BlackElo "2082"]
[Annotator "TA"]
[PlyCount "137"]
[EventDate "2020.10.04"]
[EventType "swiss"]
[EventCountry "NOR"]
[SourceTitle "playchess.com"]
[Source "ChessBase"]
[SourceQuality "1"]

{[%evp 20,137,-24,-24,-2,-49,-35,-81,-81,-77,-71,-82,-70,-77,-66,-74,-69,-69,-74,-70,-64,-84,-39,-38,-41,-64,-10,-36,-8,-33,-20,-35,-35,-90,-91,-92,-92,-91,-96,-94,-51,-46,21,0,0,-8,-8,-127,-8,-8,-8,-8,-8,-75,-75,-75,-75,-116,-8,-20,0,-120,-46,-76,-76,-76,-53,-119,-63,-69,-23,-22,-8,-8,0,0,135,0,0,0,254,0,0,0,0,0,8,8,39,42,177,0,0,0,0,0,0,0,1237,1226,1000,680,29986,29980,29976,29970,29965,29967,29941,12804,29988,29989,29990,29991,29991,29992,29992,29993,29995,29996]} 1. Nf3 Nf6 2. g3 b5 3. Bg2 Bb7 4. d3 d5 5. O-O e6 6. a4 a6 7. Nbd2 Be7 8. e4 O-O 9. Qe2 c5 10. b3 Nc6 11. Bb2 Qb6 {[#] C00: French: Unusual White 2nd moves.} 12. Bc3 $146 ({Predecessor:} 12. e5 Nd7 13. h4 Rac8 14. g4 Nd4 15. Nxd4 cxd4 16. Nf3 Bc5 17. Qd2 Qc7 18. Rfe1 Bb6 19. Re2 {0-1 (40) Lai,H (2557)-Cheng,B (2485) Amsterdam 2017}) 12... Rfc8 13. Bxf6 Bxf6 {Black is better.} 14. e5 Be7 15. c4 Nb4 16. Rfc1 Rd8 17. Ne1 Rd7 (17... Bc6 {keeps more tension.} 18. Nc2 dxc4 19. dxc4 bxa4 20. bxa4 Rab8) 18. axb5 axb5 19. Rxa8+ Bxa8 20. Nc2 Nxc2 21. Rxc2 Ra7 22. Nf1 Qa6 ({Black should try} 22... Ra3 $15 23. Rb2 b4) 23. h3 Bb7 24. Kh2 d4 25. Bxb7 Qxb7 26. Ra2 (26. Qd1 $15) 26... Rxa2 $17 27. Qxa2 bxc4 $1 28. bxc4 Qf3 29. Qc2 Bd8 30. Kg1 Bc7 (30... Qf5 $15) 31. Qa4 {[%cal Ra4e8]} g6 32. Qa6 {Threatens to win with Qc8+.} Kg7 33. Qb5 (33. Qc8 $11 {keeps the balance.} Bxe5 34. Qxc5) 33... Bxe5 (33... Qxd3 $17 {And now ...Qa3 would win.} 34. Qxc5 Bd8) 34. Qxc5 $11 Bf6 35. Qa3 Qd1 36. Kg2 (36. c5 $1 $11 {remains equal.} Qc2 37. Qb4) 36... Qc2 $1 $17 37. h4 h5 38. Kg1 Qd1 (38... Qc3 $17 39. Qxc3 dxc3) 39. Kg2 Qc2 (39... e5 $11) 40. Kg1 $1 e5 (40... Qc3 $17 41. Qxc3 dxc3) 41. Qd6 {Black should prevent c5.} Qxd3 42. c5 {Threatening c6.} Qa3 43. Qd5 {[#]} (43. g4 $15) 43... Qa5 (43... e4 $1 $17 {[%cal Re4e3][%mdl 512] Hoping for ...e3.} 44. Qxe4 Qxc5) 44. Kg2 $15 Qd8 45. Qc4 $1 Qc7 46. c6 Bd8 47. Nd2 f5 (47... Qc8 $11) 48. Qe6 (48. Nf3 $16) 48... d3 49. Nc4 Bf6 $2 {[%mdl 8192] [#]} (49... e4 $1 $11 {and Black has nothing to worry.}) 50. f3 $2 (50. Kf1 $1 $18 {aiming for Nd6.} Qa7 51. Qd6) 50... Qa7 $11 {...Qa2+ is the strong threat.} 51. Nd6 {c7! would kill now.} d2 52. Ne8+ Kh6 $132 {[%mdl 2048] Black is not holding back} 53. Qd6 d1=R 54. Qxd1 Qa2+ $1 55. Kh3 $2 ({White should play} 55. Kh1 $18 Be7 56. c7) 55... Be7 $1 56. Qc1+ f4 $1 57. gxf4 Qf2 58. f5+ g5 $2 {[%mdl 8192]} (58... Kh7 $11) 59. hxg5+ $18 Bxg5 60. Qd1 {White wants to mate with Qd6+.} Qh4+ 61. Kg2 Be7 62. Qd2+ Kh7 63. c7 Qc4 64. f6 Qg8+ 65. Kh2 {White mates.} h4 66. c8=Q Qg3+ 67. Kh1 Qxf3+ 68. Qg2 Qd1+ 69. Kh2 {Accuracy: White = 70%, Black = 62%.} 1-0

[Event "Fagernes GM Swiss 2020"]
[Site "Fagernes"]
[Date "2020.10.08"]
[Round "6.24"]
[White "Flatebo, Hallvard Haug"]
[Black "Fuglestein, Sander"]
[Result "0-1"]
[WhiteElo "1877"]
[BlackElo "2109"]
[Annotator "TA"]
[PlyCount "44"]
[EventDate "2020.10.04"]
[EventType "swiss"]
[EventCountry "NOR"]
[SourceTitle "playchess.com"]
[Source "ChessBase"]
[SourceQuality "1"]

{[%evp 11,44,4,7,0,20,12,20,18,16,8,10,9,5,-18,-24,-93,0,0,0,0,0,-4,0,-32,-30,-249,-243,-354,-330,-414,-321,-325,-325,-379,-370]} 1. e4 c6 2. d4 d5 3. e5 Bf5 4. h4 h5 5. Bd3 Bxd3 6. Qxd3 e6 7. Bg5 {B12: Caro-Kann: Advance Variation.} Qa5+ 8. Nd2 Qa6 9. c4 {The position is equal.} Bb4 10. Ngf3 Qxc4 11. Qxc4 dxc4 12. Ke2 b5 {[#]} 13. a3 $146 (13. Ne4 $11) ({Predecessor:} 13. Ne4 Nd7 14. b3 cxb3 15. axb3 f5 16. exf6 Ngxf6 17. Bxf6 Nxf6 18. Neg5 O-O 19. Ra6 {0-1 (37) Riff,J (2499)-Bologan,V (2607) Berlin 2015}) 13... Be7 (13... Bxd2 $1 $17 14. Nxd2 Ne7) 14. a4 $11 a5 15. Ne4 Nd7 16. Bxe7 Kxe7 17. Nd6 Nh6 18. b3 $2 {[#] This move loses the game for White.} (18. Ra2 $1 $11) 18... cxb3 $19 19. axb5 (19. Rhb1 $142) 19... cxb5 20. Ra3 b4 21. Rxb3 Rhb8 22. Rhb1 Nb6 {Accuracy: White = 52%, Black = 86%.} 0-1

[Event "Fagernes GM Swiss 2020"]
[Site "Fagernes"]
[Date "2020.10.09"]
[Round "7.1"]
[White "Urkedal, Frode Olav Olsen"]
[Black "Notkevich, Benjamin Arvola"]
[Result "1-0"]
[WhiteElo "2549"]
[BlackElo "2482"]
[Annotator "ChessBase"]
[PlyCount "77"]
[EventDate "2020.10.04"]
[EventType "swiss"]
[EventCountry "NOR"]
[SourceTitle "playchess.com"]
[Source "ChessBase"]
[SourceQuality "1"]
[TimeControl "40/6000+30:2400+30"]

1. d4 {[%emt 0:00:00]} e6 {[%emt 0:00:00]} 2. e4 {[%emt 0:01:30]} d5 {[%emt 0:00:16]} 3. Nc3 {[%emt 0:00:06]} dxe4 {[%emt 0:02:40]} 4. Nxe4 {[%emt 0:00:45]} Nd7 {[%emt 0:00:13]} 5. g3 {[%emt 0:00:04]} Ngf6 {[%emt 0:04:13]} 6. Nxf6+ {[%emt 0:00:17]} Nxf6 {[%emt 0:00:15]} 7. Bg2 {[%emt 0:00:05]} c5 {[%emt 0:08:57]} 8. Nf3 {[%emt 0:02:03]} Be7 {[%emt 0:02:04]} 9. O-O {[%emt 0:03:31]} O-O {[%emt 0:00:11]} 10. a4 {[%emt 0:13:08]} cxd4 {[%emt 0:12:49]} 11. Qxd4 {[%emt 0:01:59]} Qxd4 {[%emt 0:07:16]} 12. Nxd4 {[%emt 0:04:00]} e5 {[%emt 0:00:11]} 13. Re1 {[%emt 0:08:09]} Ng4 {[%emt 0:23:58]} 14. Nb3 {[%emt 0:02:01]} Bd6 {[%emt 0:15:09]} 15. h3 {[%emt 0:03:11]} Nf6 {[%emt 0:01:20]} 16. Na5 {[%emt 0:04:05]} e4 {[%emt 0:10:43]} 17. Nc4 {[%emt 0:04:20]} Rd8 {[%emt 0:03:09]} 18. Rd1 {[%emt 0:21:17]} Be7 {[%emt 0:01:34]} 19. Rxd8+ {[%emt 0:00:16]} Bxd8 {[%emt 0:00:03]} 20. Nd6 {[%emt 0:00:10]} Bb6 {[%emt 0:03:18]} 21. a5 {[%emt 0:01:18]} Bc5 {[%emt 0:00:19]} 22. Nxe4 {[%emt 0:00:07]} Nxe4 {[%emt 0:01:28]} 23. Bxe4 {[%emt 0:00:59]} a6 {[%emt 0:00:11]} 24. Kg2 {[%emt 0:06:19]} Bd7 {[%emt 0:00:46]} 25. Bxb7 {[%emt 0:00:42]} Re8 {[%emt 0:00:08]} 26. Be3 {[%emt 0:02:12]} Bxe3 {[%emt 0:00:06]} 27. fxe3 {[%emt 0:00:05]} Bb5 {[%emt 0:01:13]} 28. e4 {[%emt 0:02:23]} f5 {[%emt 0:00:35]} 29. Bd5+ {[%emt 0:01:00]} Kf8 {[%emt 0:00:06]} 30. c4 {[%emt 0:00:06]} Bd7 {[%emt 0:00:04]} 31. Rf1 {[%emt 0:00:22]} Rb8 {[%emt 0:00:30]} 32. Rf2 {[%emt 0:00:06]} Rb4 {[%emt 0:00:14]} 33. exf5 {[%emt 0:00:31]} Ke7 {[%emt 0:00:16]} 34. g4 {[%emt 0:01:25]} Ra4 {[%emt 0:00:09]} 35. g5 {[%emt 0:00:17]} Rxa5 {[%emt 0:00:16]} 36. f6+ {[%emt 0:00:19]} gxf6 {[%emt 0:00:05]} 37. gxf6+ {[%emt 0:00:13]} Kf8 {[%emt 0:00:05]} 38. Kh2 {[%emt 0:00:26]} Be8 {[%emt 0:01:34]} 39. f7 {[%emt 0:00:19]} 1-0